| 000 | 00491nam a22001697a 4500 | ||
|---|---|---|---|
| 003 | MPLRDC | ||
| 005 | 20220104182140.0 | ||
| 008 | 210129b ||||| |||| 00| 0 eng d | ||
| 020 | _a967-65-2412-3 | ||
| 082 | _a524.945 KHAL 1993 c.2 | ||
| 100 | _aABDULLAJ AZMI ABDUL KHALID, LOH WEI LENG, THAMI MUNISAH MOHD YUSOFF | ||
| 245 |
_aATLAS SEJARAH MALAYSIA DAN DUNIA _c |
||
| 260 |
_a _bPENERBIT FAJAR BAKTI SDN BHD _c1993 |
||
| 300 | _b平 | ||
| 650 | _a | ||
| 942 |
_cBK _o524.945 KHAL 1993 c.2 |
||
| 999 |
_c61814 _d61804 |
||